Statistics for EVERY #1 RANKED NCAA FOOTBALL TEAM SINCE 2000

Click here to take the quiz!

General Stats

  • This quiz has been taken 80 times
  • The average score is 13 of 17

Answer Stats

HintAnswer% Correct
2022Alabama
98%
2023Georgia
98%
2019Ohio State
95%
2009Florida
92%
2014Florida State
92%
2019LSU
89%
2020Clemson
88%
2008Texas
88%
2011Oklahoma
82%
2012USC
79%
2012Oregon
74%
2010Auburn
70%
2002Miami (FL)
61%
2012Notre Dame
59%
2000Nebraska
52%
2014Mississippi State
42%
2007Missouri
20%

Score Distribution

Percentile by Number Answered

Percent of People with Each Score

Your Score History

You have not taken this quiz